000
00488nam a2200169Ia 4500
008
090711s9999 xx 000 0 und d
082
_b
57620
100
_a
बर्वे राजेंद्र
245
_a
स्कायलॅब
260
_c
1986
300
_a
133
600
_a
बर्वे राजेंद्र
630
_a
स्कायलॅब
700
_a
बर्वे राजेंद्र
730
_a
स्कायलॅब
942
_c
BOOK
999
_c
303359
_d
303359